| 000 | 00588nam a2200193 4500 | ||
|---|---|---|---|
| 003 | OSt | ||
| 005 | 20240606081022.0 | ||
| 006 | a | ||
| 008 | 240606b |||||||| |||| 00| 0 eng d | ||
| 020 | _a9715844022 | ||
| 040 |
_aDWCL-Main lib. _cOC |
||
| 082 | _aFil. 370.19 D332n 2005 | ||
| 100 | _aMAPUE , PAULINO M. | ||
| 245 | _aNational service training program (literacy training service) book 1 : basic training module / | ||
| 260 |
_aQuezon City : _bC & E Publishing, Inc., _cc2005. |
||
| 300 |
_avii, _b149 p. : _c26 cm. |
||
| 700 | _aPAULINO M. MAPUE | ||
| 942 |
_2ddc _n0 _cBK - FIL _kFil. |
||
| 999 |
_c312 _d312 |
||